Alle Pokemon mit "R" - Statistiken

Allgemein
  • Dieses Quiz wurde 516 mal gespielt
    350 seit der letzten Aktualisierung
  • Das Durchschnittsergebnis liegt bei 27 aus 44
Antwortstatistiken
Hint Antwort % Korrekt
Kanto (10) 010 Raupy
93%
Kanto (10) 019 Rattfratz
91%
Kanto (10) 020 Rattikarl
91%
Kanto (10) 023 Rettan
88%
Kanto (10) 026 Raichu
85%
Kanto (10) 111 Rihorn
82%
Kanto (10) 112 Rizeros
81%
Kanto (10) 143 Relaxo
76%
Sinnoh (7) 479 Rotom
76%
Hoenn (7) 378 Regice
74%
Hoenn (7) 377 Regirock
74%
Hoenn (7) 379 Registeel
73%
Sinnoh (7) 464 Rihornior
73%
Sinnoh (7) 486 Regigigas
72%
Kanto (10) 057 Rasaff
70%
Johto (3) 243 Raikou
69%
Hoenn (7) 384 Rayquaza
67%
Johto (3) 236 Rabauz
66%
Hoenn (7) 253 Reptain
62%
Kanto (10) 124 Rossana
62%
Einall (6) 553 Rabigator
59%
Sinnoh (7) 409 Rameidon
59%
Galar (4) 895 Regidrago
59%
Einall (6) 643 Reshiram
59%
Sinnoh (7) 447 Riolu
59%
Johto (3) 223 Remoraid
57%
Sinnoh (7) 407 Roserade
57%
Galar (4) 894 Regieleki
56%
Einall (6) 552 Rokkaiman
56%
Hoenn (7) 315 Roselia
56%
Kalos (3) 701 Resladero
54%
Kalos (3) 654 Rutena
53%
Einall (6) 529 Rotomurf
50%
Hoenn (7) 369 Relicanth
49%
Einall (6) 544 Rollum
47%
Einall (6) 637 Ramoth
44%
Sinnoh (7) 460 Rexblisar
44%
Galar (4) 819 Raffel
40%
Alola (2) 728 Robball
40%
Kalos (3) 703 Rocara
39%
Galar (4) 849 Riffex
33%
Alola (2) 767 Reißlaus
29%
Paldea (2) 984 Riesenzahn
25%
Paldea (2) 953 Relluk
20%
Keine übereinstimmenden Quizze gefunden
Verteilung der Resultate
Anzahl Personen mit jedem Resultat
Perzentil nach korrekt beantworteten Fragen
Ihre Resultats-Entwicklung
Sie haben dieses Quiz seit der letzten Aktualisierung nicht gespielt